<?xml version="1.0" encoding="UTF-8"?>
<record
    xmlns:xsi="http://www.w3.org/2001/XMLSchema-instance"
    xsi:schemaLocation="http://www.loc.gov/MARC21/slim http://www.loc.gov/standards/marcxml/schema/MARC21slim.xsd"
    xmlns="http://www.loc.gov/MARC21/slim">

  <leader>00365    a2200133   4500</leader>
  <controlfield tag="005">20250629124458.0</controlfield>
  <datafield tag="020" ind1=" " ind2=" ">
    <subfield code="a">9976-78-021-4</subfield>
  </datafield>
  <datafield tag="082" ind1=" " ind2=" ">
    <subfield code="a">510  ABD</subfield>
  </datafield>
  <datafield tag="100" ind1=" " ind2=" ">
    <subfield code="a">ABDU,  A .N . S .</subfield>
  </datafield>
  <datafield tag="245" ind1=" " ind2=" ">
    <subfield code="a">Study Guide for Elements of Business Mathematics  and Statistics</subfield>
  </datafield>
  <datafield tag="260" ind1=" " ind2=" ">
    <subfield code="a">Dar es salaam,</subfield>
    <subfield code="b">NBAA,</subfield>
    <subfield code="c">2004.</subfield>
  </datafield>
  <datafield tag="300" ind1=" " ind2=" ">
    <subfield code="a">166P.: ill.; table,</subfield>
    <subfield code="c">29cm.</subfield>
  </datafield>
  <datafield tag="942" ind1=" " ind2=" ">
    <subfield code="2">ddc</subfield>
    <subfield code="c">BKS</subfield>
  </datafield>
  <datafield tag="999" ind1=" " ind2=" ">
    <subfield code="c">6335</subfield>
    <subfield code="d">6335</subfield>
  </datafield>
  <datafield tag="952" ind1=" " ind2=" ">
    <subfield code="r">2025-06-29 12:46:14</subfield>
    <subfield code="l">0</subfield>
    <subfield code="o">510  ABD</subfield>
    <subfield code="p">MZA0002758</subfield>
    <subfield code="v">60000.00</subfield>
    <subfield code="w">2025-06-29</subfield>
    <subfield code="y">BKS</subfield>
    <subfield code="1">0</subfield>
    <subfield code="2">ddc</subfield>
    <subfield code="4">0</subfield>
    <subfield code="7">0</subfield>
    <subfield code="0">0</subfield>
    <subfield code="a">003</subfield>
    <subfield code="b">003</subfield>
    <subfield code="c">GEN</subfield>
    <subfield code="d">2009-09-05</subfield>
    <subfield code="e">Library  Budget</subfield>
    <subfield code="g">20000.00</subfield>
  </datafield>
  <datafield tag="952" ind1=" " ind2=" ">
    <subfield code="r">2025-07-16 15:19:09</subfield>
    <subfield code="l">0</subfield>
    <subfield code="o"> 510 ABD</subfield>
    <subfield code="p">MZA000604</subfield>
    <subfield code="v">60000.00</subfield>
    <subfield code="w">2025-07-16</subfield>
    <subfield code="y">BKS</subfield>
    <subfield code="1">0</subfield>
    <subfield code="2">ddc</subfield>
    <subfield code="4">0</subfield>
    <subfield code="7">0</subfield>
    <subfield code="0">0</subfield>
    <subfield code="a">003</subfield>
    <subfield code="b">003</subfield>
    <subfield code="c">GEN</subfield>
    <subfield code="d">2025-06-27</subfield>
    <subfield code="e">Donation from NBAA</subfield>
    <subfield code="g">20000.00</subfield>
  </datafield>
  <datafield tag="952" ind1=" " ind2=" ">
    <subfield code="r">2025-07-16 15:19:09</subfield>
    <subfield code="l">0</subfield>
    <subfield code="o"> 510 ABD</subfield>
    <subfield code="p">MZA000652</subfield>
    <subfield code="v">60000.00</subfield>
    <subfield code="w">2025-07-16</subfield>
    <subfield code="y">BKS</subfield>
    <subfield code="1">0</subfield>
    <subfield code="2">ddc</subfield>
    <subfield code="4">0</subfield>
    <subfield code="7">0</subfield>
    <subfield code="0">0</subfield>
    <subfield code="a">003</subfield>
    <subfield code="b">003</subfield>
    <subfield code="c">GEN</subfield>
    <subfield code="d">2025-06-27</subfield>
    <subfield code="e">Donation from NBAA</subfield>
    <subfield code="g">20000.00</subfield>
  </datafield>
  <datafield tag="952" ind1=" " ind2=" ">
    <subfield code="r">2025-07-16 15:19:09</subfield>
    <subfield code="l">0</subfield>
    <subfield code="o"> 510 ABD</subfield>
    <subfield code="p">MZA000676</subfield>
    <subfield code="v">60000.00</subfield>
    <subfield code="w">2025-07-16</subfield>
    <subfield code="y">BKS</subfield>
    <subfield code="1">0</subfield>
    <subfield code="2">ddc</subfield>
    <subfield code="4">0</subfield>
    <subfield code="7">0</subfield>
    <subfield code="0">0</subfield>
    <subfield code="a">003</subfield>
    <subfield code="b">003</subfield>
    <subfield code="c">GEN</subfield>
    <subfield code="d">2025-06-27</subfield>
    <subfield code="e">Donation from NBAA</subfield>
    <subfield code="g">20000.00</subfield>
  </datafield>
  <datafield tag="952" ind1=" " ind2=" ">
    <subfield code="r">2025-07-16 15:19:09</subfield>
    <subfield code="l">0</subfield>
    <subfield code="o"> 510 ABD</subfield>
    <subfield code="p">MZA000677</subfield>
    <subfield code="v">60000.00</subfield>
    <subfield code="w">2025-07-16</subfield>
    <subfield code="y">BKS</subfield>
    <subfield code="1">0</subfield>
    <subfield code="2">ddc</subfield>
    <subfield code="4">0</subfield>
    <subfield code="7">0</subfield>
    <subfield code="0">0</subfield>
    <subfield code="a">003</subfield>
    <subfield code="b">003</subfield>
    <subfield code="c">GEN</subfield>
    <subfield code="d">2025-06-27</subfield>
    <subfield code="e">Donation from NBAA</subfield>
    <subfield code="g">20000.00</subfield>
  </datafield>
  <datafield tag="952" ind1=" " ind2=" ">
    <subfield code="r">2025-07-16 15:19:09</subfield>
    <subfield code="l">0</subfield>
    <subfield code="o"> 510 ABD</subfield>
    <subfield code="p">MZA000678</subfield>
    <subfield code="v">60000.00</subfield>
    <subfield code="w">2025-07-16</subfield>
    <subfield code="y">BKS</subfield>
    <subfield code="1">0</subfield>
    <subfield code="2">ddc</subfield>
    <subfield code="4">0</subfield>
    <subfield code="7">0</subfield>
    <subfield code="0">0</subfield>
    <subfield code="a">003</subfield>
    <subfield code="b">003</subfield>
    <subfield code="c">GEN</subfield>
    <subfield code="d">2025-06-27</subfield>
    <subfield code="e">Donation from NBAA</subfield>
    <subfield code="g">20000.00</subfield>
  </datafield>
  <datafield tag="952" ind1=" " ind2=" ">
    <subfield code="r">2025-07-16 15:19:09</subfield>
    <subfield code="l">0</subfield>
    <subfield code="o"> 510 ABD</subfield>
    <subfield code="p">MZA000731</subfield>
    <subfield code="v">60000.00</subfield>
    <subfield code="w">2025-07-16</subfield>
    <subfield code="y">BKS</subfield>
    <subfield code="1">0</subfield>
    <subfield code="2">ddc</subfield>
    <subfield code="4">0</subfield>
    <subfield code="7">0</subfield>
    <subfield code="0">0</subfield>
    <subfield code="a">003</subfield>
    <subfield code="b">003</subfield>
    <subfield code="c">GEN</subfield>
    <subfield code="d">2025-06-27</subfield>
    <subfield code="e">Donation from NBAA</subfield>
    <subfield code="g">20000.00</subfield>
  </datafield>
  <datafield tag="952" ind1=" " ind2=" ">
    <subfield code="r">2025-07-16 15:19:09</subfield>
    <subfield code="l">0</subfield>
    <subfield code="o"> 510 ABD</subfield>
    <subfield code="p">MZA000776</subfield>
    <subfield code="v">60000.00</subfield>
    <subfield code="w">2025-07-16</subfield>
    <subfield code="y">BKS</subfield>
    <subfield code="1">0</subfield>
    <subfield code="2">ddc</subfield>
    <subfield code="4">0</subfield>
    <subfield code="7">0</subfield>
    <subfield code="0">0</subfield>
    <subfield code="a">003</subfield>
    <subfield code="b">003</subfield>
    <subfield code="c">GEN</subfield>
    <subfield code="d">2025-06-27</subfield>
    <subfield code="e">Donation from NBAA</subfield>
    <subfield code="g">20000.00</subfield>
  </datafield>
  <datafield tag="952" ind1=" " ind2=" ">
    <subfield code="r">2025-07-16 15:19:09</subfield>
    <subfield code="l">0</subfield>
    <subfield code="o"> 510 ABD</subfield>
    <subfield code="p">MZA000823</subfield>
    <subfield code="v">60000.00</subfield>
    <subfield code="w">2025-07-16</subfield>
    <subfield code="y">BKS</subfield>
    <subfield code="1">0</subfield>
    <subfield code="2">ddc</subfield>
    <subfield code="4">0</subfield>
    <subfield code="7">0</subfield>
    <subfield code="0">0</subfield>
    <subfield code="a">003</subfield>
    <subfield code="b">003</subfield>
    <subfield code="c">GEN</subfield>
    <subfield code="d">2025-06-27</subfield>
    <subfield code="e">Donation from NBAA</subfield>
    <subfield code="g">20000.00</subfield>
  </datafield>
  <datafield tag="952" ind1=" " ind2=" ">
    <subfield code="r">2025-07-16 15:19:09</subfield>
    <subfield code="l">0</subfield>
    <subfield code="o"> 510 ABD</subfield>
    <subfield code="p">MZA000824</subfield>
    <subfield code="v">60000.00</subfield>
    <subfield code="w">2025-07-16</subfield>
    <subfield code="y">BKS</subfield>
    <subfield code="1">0</subfield>
    <subfield code="2">ddc</subfield>
    <subfield code="4">0</subfield>
    <subfield code="7">0</subfield>
    <subfield code="0">0</subfield>
    <subfield code="a">003</subfield>
    <subfield code="b">003</subfield>
    <subfield code="c">GEN</subfield>
    <subfield code="d">2025-06-27</subfield>
    <subfield code="e">Donation from NBAA</subfield>
    <subfield code="g">20000.00</subfield>
  </datafield>
</record>
